U.S. States with the Coldest Hottest Recorded Temperature - Statistics

General Stats
  • This quiz has been taken 15,889 times
  • The average score is 8 of 11
Answer Stats
° F State ° C % Correct
100 Alaska 37.8
93%
105 Maine 40.6
91%
108 New York 42.2
89%
107 Vermont 41.7
85%
107 New Hampshire 41.7
83%
104 Rhode Island 40.0
77%
107 Massachusetts 41.7
76%
106 Connecticut 41.1
73%
98 Hawaii 36.7
67%
109 Maryland 42.8
55%
109 Florida 42.8
43%
No matching quizzes found
Score Distribution
Percent of People with Each Score
Percentile by Number Answered
Your Score History
You have not taken this quiz